| 000 | 00851nam a2200229 a 4500 | ||
|---|---|---|---|
| 001 | 48559 | ||
| 003 | BD-RjUL | ||
| 005 | 20211209054539.0 | ||
| 008 | 160814s2008 bg a|||| ||| 000 0 ben d | ||
| 020 |
_a9846421338 _c: Tk. 290.00 |
||
| 035 | _a(BD-RjUL)48678 | ||
| 040 |
_aBD-RjUL _bben _cBD-RjUL _dBD-RjUL |
||
| 041 | _aben | ||
| 082 |
_223 _a891.443 _bMAS 2008 |
||
| 100 | 1 | 0 |
_aমান্নান, মোহাম্মদ আবদুল _9137717 |
| 245 | 1 | 0 |
_aসোনার দেশ বাংলাদেশ / _cমোহাম্মদ আবদুল মান্নান |
| 260 |
_aঢাকা : _bঝিঙেফুল, _c২০০৮ |
||
| 300 |
_a১৫৪ পৃ. : _bচিত্র. _c২৪ সেমি. |
||
| 650 |
_aবাংলা ছোটগল্প _9146736 |
||
| 650 |
_aBengali Short stories _9146737 |
||
| 942 |
_2ddc _cBK |
||
| 999 |
_c48559 _d48559 |
||